书目信息 |
| 题名: |
基础有机化学
|
|
| 作者: | 邢其毅 , 裴伟伟 , 徐瑞秋 , 裴坚 编著 | |
| 分册: | 上册 | |
| 出版信息: | 北京 北京大学出版社 2016 |
|
| 页数: | 660页 | |
| 开本: | 26cm | |
| 丛书名: | 21世纪化学规划教材 | |
| 单 册: | ||
| 中图分类: | O62-43 | |
| 科图分类: | ||
| 主题词: | 有机化学--you ji hua xue--高等学校--教材 | |
| 电子资源: | ||
| ISBN: | 978-7-301-27212-1 | |
| 000 | 01002nam 2200313 45 | |
| 001 | 012001001584 | |
| 005 | 20191122091232.34 | |
| 010 | @a978-7-301-27212-1@b上册@dCNY79.00 | |
| 099 | @aCAL 012016105779 | |
| 100 | @a20160919d2016 em y0chiy50 ea | |
| 101 | 0 | @achi |
| 102 | @aCN@b110000 | |
| 105 | @aa a 000yy | |
| 106 | @ar | |
| 200 | 1 | @a基础有机化学@Aji chu you ji hua xue@h上册@f邢其毅 ... [等] 编著 |
| 205 | @a第4版 | |
| 210 | @a北京@c北京大学出版社@d2016 | |
| 215 | @a660页@c图@d26cm | |
| 225 | 2 | @a21世纪化学规划教材@A21 shi ji hua xue gui hua jiao cai@i基础课系列 |
| 304 | @a编著者还有裴伟伟,徐瑞秋,裴坚 | |
| 410 | 0 | @12001 @a21世纪化学规划教材@i基础课系列 |
| 606 | 0 | @a有机化学@Ayou ji hua xue@x高等学校@j教材 |
| 690 | @aO62-43@v5 | |
| 701 | 0 | @a邢其毅@Axing qi yi@4编著 |
| 701 | 0 | @a裴伟伟@Apei wei wei@4编著 |
| 701 | 0 | @a徐瑞秋@Axu rui qiu@4编著 |
| 701 | 0 | @a裴坚@Apei jian@4编著 |
| 801 | 0 | @aCN@b北京卓展@c20191020 |
| 905 | @b1198604-7@dO62-43@e264:1=4@f4 | |
| 基础有机化学.上册/邢其毅 ... [等] 编著.-第4版.-北京:北京大学出版社,2016 |
| 660页:图;26cm.-(21世纪化学规划教材.基础课系列) |
| ISBN 978-7-301-27212-1(上册):CNY79.00 |
| ● |
| 相关链接 |
|
|
|
|
正题名:基础有机化学
索取号:O62-43/264:1=4
 
预约/预借
| 序号 | 登录号 | 条形码 | 馆藏地/架位号 | 状态 | 备注 |
| 1 | 1198604 | 211986047 | 第二样本阅览室/ [索取号:O62-43/264:1=4] | 在馆 | |
| 2 | 1198605 | 211986056 | 第三借阅区/ [索取号:O62-43/264:1=4] | 在馆 | |
| 3 | 1198606 | 211986065 | 第三借阅区/ [索取号:O62-43/264:1=4] | 在馆 | |
| 4 | 1198607 | 211986074 | 第三借阅区/ [索取号:O62-43/264:1=4] | 在馆 |